[Event "12th 4NCL Congress Open"]
[Site "Harrogate"]
[Date "2017.01.08"]
[Round "5"]
[Board "2"]
[White "Moreby, James E"]
[Black "Wall, Tim P"]
[Result "0-1"]
[WhiteElo "2158"]
[BlackElo "2191"]
[PlyCount "110"]
[EventDate "2017.01.06"]
[EventRounds "5"]
[EventCountry "ENG"]

1. c4 e5 2. g3 Nf6 3. Bg2 h6 4. Nf3 e4 5. Nd4 d5 6. cxd5 Qxd5 7. Nc2 Qh5 8. Ne3
Bh3 9. Qb3 Nbd7 10. Bxh3 Nc5 11. Qc4 Qxh3 12. b4 Ncd7 13. Nc3 Nb6 14. Qb5+ Qd7
15. Qxd7+ Kxd7 16. a3 a5 17. b5 Bc5 18. O-O Rad8 19. a4 Kc8 20. Rd1 Rd7 21. Ba3
Bxa3 22. Rxa3 Rhd8 23. Ra2 g6 24. Kf1 Rd4 25. Ke1 Nc4 26. Nxc4 Rxc4 27. Raa1
Nd7 28. Ra3 Nc5 29. Rda1 Rd6 30. R1a2 Kd7 31. Kf1 Rcd4 32. Nb1 Rb4 33. Nc3 f5
34. Ke1 Ke6 35. Rc2 Rdd4 36. Rca2 g5 37. Kf1 Nd7 38. Ke1 Nb6 39. Rc2 Nxa4 40.
Rc1 Rdc4 41. Rca1 Nxc3 42. dxc3 Rxb5 43. Rxa5 Rxa5 44. Rxa5 Rxc3 45. Ra8 Rc1+
46. Kd2 Rh1 47. Ra7 Rxh2 48. Rxb7 Rxf2 49. Rxc7 Rg2 50. Rc6+ Ke5 51. Rxh6 Rxg3
52. Rh1 f4 53. Ra1 Kf5 54. Ra5+ Kg4 55. Re5 e3+ 0-1

[Event "12th 4NCL Congress Open"]
[Site "Harrogate"]
[Date "2017.01.08"]
[Round "5"]
[Board "3"]
[White "Prior, Stephen Cv"]
[Black "Webster, Richard J"]
[Result "1-0"]
[WhiteElo "2043"]
[BlackElo "1934"]
[PlyCount "75"]
[EventDate "2017.01.06"]
[EventRounds "5"]
[EventCountry "ENG"]

1. d4 e6 2. Bf4 Nf6 3. e3 c5 4. c3 Nc6 5. Nf3 h6 6. h3 b6 7. Nbd2 Bb7 8. Bd3 d5
9. O-O Bd6 10. Ne5 Qc7 11. Ndf3 Ne4 12. Nxc6 Bxc6 13. Bxd6 Nxd6 14. Ne5 Bb5 15.
Bxb5+ Nxb5 16. a4 Nd6 17. a5 O-O 18. a6 c4 19. Qa4 Rfc8 20. f3 f6 21. Ng4 Rab8
22. Rae1 b5 23. Qc2 f5 24. Ne5 Rb6 25. e4 Rxa6 26. exd5 exd5 27. Ng6 Kh7 28.
Ne7 Rf8 29. Nxd5 Qf7 30. Re5 Kh8 31. Rfe1 Rc6 32. Nf4 Re8 33. Rxe8+ Nxe8 34.
Qe2 Nc7 35. Qe5 Kg8 36. d5 Rc5 37. Qd4 Nxd5 38. Ne6 1-0

[Event "12th 4NCL Congress Open"]
[Site "Harrogate"]
[Date "2017.01.08"]
[Round "5"]
[Board "4"]
[White "Bin-Suhayl, Ieysaa"]
[Black "Spence, David J"]
[Result "0-1"]
[WhiteElo "1988"]
[BlackElo "2156"]
[PlyCount "88"]
[EventDate "2017.01.06"]
[EventRounds "5"]
[EventCountry "ENG"]

1. Nf3 Nf6 2. c4 e6 3. g3 a6 4. Bg2 b5 5. b3 c5 6. Nc3 Qb6 7. O-O Bb7 8. e3 Be7
9. Qe2 Ne4 10. Nxe4 Bxe4 11. d3 Bb7 12. Bb2 O-O 13. Rfd1 d6 14. Rab1 Nd7 15.
Bc3 Bf6 16. Bxf6 Nxf6 17. d4 Ne4 18. Qc2 b4 19. Ra1 Nc3 20. Re1 Be4 21. Qb2
Rad8 22. Qd2 Qc6 23. Nh4 Bxg2 24. Nxg2 d5 25. Qd3 Rd6 26. cxd5 Qxd5 27. Nf4 Qf3
28. Qc4 cxd4 29. Qxb4 Ne4 30. Nd3 Rfd8 31. Rac1 h5 32. Qc4 h4 33. gxh4 Qg4+ 34.
Kh1 Nd2 35. Qc5 Qe4+ 36. Kg1 Nf3+ 37. Kf1 Qxd3+ 38. Re2 Nxh2+ 39. Ke1 Nf3+ 40.
Kf1 Ng1 41. Kxg1 Qxe2 42. h5 Rd5 43. Qb6 Rg5+ 44. Kh1 Qf3+ 0-1

[Event "12th 4NCL Congress Open"]
[Site "Harrogate"]
[Date "2017.01.08"]
[Round "5"]
[Board "5"]
[White "Pein, Jonathan"]
[Black "Dong, Bao Nghia"]
[Result "0-1"]
[WhiteElo "1971"]
[BlackElo "2084"]
[PlyCount "38"]
[EventDate "2017.01.06"]
[EventRounds "5"]
[EventCountry "ENG"]

1. b3 d5 2. Bb2 Bf5 3. e3 e6 4. f4 Nf6 5. Nf3 h6 6. Be2 Nbd7 7. O-O c6 8. Ne5
Bc5 9. a3 a5 10. g4 Bh7 11. g5 hxg5 12. Nxf7 Kxf7 13. fxg5 Bf5 14. gxf6 gxf6
15. Bd3 Qg8+ 16. Kh1 Rxh2+ 17. Kxh2 Qh8+ 18. Kg1 Rg8+ 19. Kf2 Qh4+ 0-1

[Event "12th 4NCL Congress Open"]
[Site "Harrogate"]
[Date "2017.01.08"]
[Round "5"]
[Board "6"]
[White "Starley, Robert"]
[Black "Garnett, John S"]
[Result "1/2-1/2"]
[WhiteElo "2109"]
[BlackElo "1975"]
[PlyCount "129"]
[EventDate "2017.01.06"]
[EventRounds "5"]
[EventCountry "ENG"]

1. e4 c6 2. d4 d5 3. Nd2 dxe4 4. Nxe4 Bf5 5. Ng3 Bg6 6. Nf3 Nd7 7. Bd3 e6 8.
Bf4 Ngf6 9. O-O Nd5 10. Bg5 Qc7 11. c4 Nf4 12. Bxg6 Nxg6 13. d5 h6 14. dxe6
fxe6 15. Nh4 hxg5 16. Nxg6 Rh6 17. Nxf8 Kxf8 18. Qd2 g4 19. Rad1 Nf6 20. Rfe1
Kf7 21. Qd6 Qxd6 22. Rxd6 Re8 23. Re5 Re7 24. b4 Rd7 25. Rexe6 Rxd6 26. Rxd6
Rh8 27. Nf5 Re8 28. Ne3 Re7 29. Kf1 Ne4 30. Rd4 g3 31. hxg3 Nxg3+ 32. Ke1 Ne4
33. a3 c5 34. Rd5 cxb4 35. axb4 Nf6 36. Rd4 b6 37. b5 g5 38. Ke2 Nd7 39. Kf3
Nc5 40. Nf5 Rd7 41. Rxd7+ Nxd7 42. Ke4 Nf6+ 43. Kd4 Ke6 44. Ne3 Kd6 45. Nf5+
Ke6 46. Ng3 Ng4 47. Ne4 Kf5 48. f3 Nh6 49. g3 g4 50. fxg4+ Kxg4 51. Kd5 Nf5 52.
Kc6 Ne3 53. Nd6 Kxg3 54. Kb7 Kf4 55. Kxa7 Ke5 56. Kxb6 Kxd6 57. c5+ Kd5 58. c6
Nc4+ 59. Ka7 Nd6 60. Ka6 Kc5 61. c7 Nc8 62. Kb7 Nb6 63. Ka7 Nc8+ 64. Ka6 Nb6
65. Ka7 1/2-1/2

[Event "12th 4NCL Congress Open"]
[Site "Harrogate"]
[Date "2017.01.08"]
[Round "5"]
[Board "7"]
[White "Jayawarna, Nugith"]
[Black "Wynarczyk, Raymond"]
[Result "1-0"]
[WhiteElo "2093"]
[BlackElo "1966"]
[PlyCount "89"]
[EventDate "2017.01.06"]
[EventRounds "5"]
[EventCountry "ENG"]

1. c4 e6 2. Nc3 d5 3. d4 Nf6 4. cxd5 exd5 5. Bg5 Be7 6. e3 O-O 7. Bd3 Re8 8.
Qc2 Nbd7 9. Nf3 Nf8 10. O-O Ng6 11. Rae1 c6 12. Ne5 Ng4 13. Bxe7 Rxe7 14. Nxg4
Bxg4 15. f4 Bd7 16. f5 Nf8 17. f6 gxf6 18. Rxf6 Rxe3 19. Ref1 Be8 20. Nd1 Re6
21. Rxe6 fxe6 22. Ne3 Bg6 23. Ng4 Qh4 24. h3 Kg7 25. Qe2 Bxd3 26. Qe5+ Kg8 27.
Nf6+ Kf7 28. Rf4 Qxf4 29. Qxf4 Ng6 30. Qf3 Bf5 31. Nxh7 Kg7 32. Ng5 Rf8 33. g4
Be4 34. Nxe6+ Kg8 35. Qg3 Re8 36. Qd6 Re7 37. h4 Rf7 38. h5 Nf8 39. Nxf8 Rxf8
40. g5 Bf3 41. Qe6+ Kh8 42. Qh6+ Kg8 43. g6 Rf5 44. Qh7+ Kf8 45. g7+ 1-0

[Event "12th 4NCL Congress Open"]
[Site "Harrogate"]
[Date "2017.01.08"]
[Round "5"]
[Board "8"]
[White "Cohen, Gerald M"]
[Black "Hilton, Tim"]
[Result "1-0"]
[WhiteElo "2035"]
[BlackElo "1786"]
[PlyCount "183"]
[EventDate "2017.01.06"]
[EventRounds "5"]
[EventCountry "ENG"]

1. d4 Nf6 2. Bf4 e6 3. e3 c5 4. c3 cxd4 5. exd4 d6 6. Bd3 Be7 7. Nf3 b6 8. Bb5+
Nbd7 9. Bc6 Rb8 10. Qe2 O-O 11. Nbd2 a6 12. O-O Qc7 13. Ba4 Bb7 14. h3 Rbc8 15.
Bb3 Rfe8 16. Rfe1 Nf8 17. Bh2 Qb8 18. Rac1 Qa7 19. Qf1 Ng6 20. Bd1 Bf8 21. Nc4
Rc6 22. Nfd2 Nh4 23. Ne3 b5 24. Bg3 Ng6 25. Bf3 Rcc8 26. Qd3 Bxf3 27. Nxf3 Nh5
28. Bh2 Nhf4 29. Qd1 Nd5 30. a3 Qb7 31. Nxd5 Qxd5 32. Qe2 Be7 33. Qe4 Qxe4 34.
Rxe4 Rc6 35. Rce1 a5 36. Bg3 Rec8 37. d5 exd5 38. Rxe7 Nxe7 39. Rxe7 Kf8 40.
Rb7 b4 41. axb4 axb4 42. Rxb4 Ke7 43. Rb7+ R8c7 44. Rb5 Rc5 45. Rxc5 Rxc5 46.
Nd4 g6 47. Bf4 f5 48. Bg5+ Kd7 49. Kf1 Ra5 50. Ke2 Ra1 51. b4 Ra2+ 52. Ke3 Rb2
53. Bf4 Rb1 54. Nb5 Kc6 55. Nxd6 g5 56. Bxg5 Kxd6 57. Bf6 Ke6 58. Bd4 Rb3 59.
Kf4 h6 60. Kg3 Kf7 61. Kf4 Ke6 62. Ke3 Kd6 63. Kd3 Rb2 64. g3 Ke6 65. Ke3 Rb3
66. Kf4 Rb2 67. f3 Rb1 68. g4 fxg4 69. hxg4 Rb2 70. Kg3 Rb1 71. Kh4 Rh1+ 72.
Kg3 Rb1 73. Kf4 Rb2 74. Ke3 Rb1 75. Bg7 Rh1 76. Kd4 Kd6 77. Bf8+ Kc6 78. Ke3
Kb5 79. Bg7 Kc4 80. Kf4 Rh3 81. Bf6 Kd3 82. Bd4 Kc4 83. Bg7 Kd3 84. Bf6 Ke2 85.
Bd4 Rxf3+ 86. Ke5 Rg3 87. Kxd5 Rxg4 88. b5 Kd3 89. b6 h5 90. b7 Rg8 91. Bc5 h4
92. c4 1-0

[Event "12th 4NCL Congress Open"]
[Site "Harrogate"]
[Date "2017.01.08"]
[Round "5"]
[Board "9"]
[White "Laws, Darren C"]
[Black "Bielby, Paul R"]
[Result "1/2-1/2"]
[WhiteElo "2012"]
[BlackElo "1929"]
[PlyCount "60"]
[EventDate "2017.01.06"]
[EventRounds "5"]
[EventCountry "ENG"]

1. d4 Nf6 2. Nf3 d6 3. Nc3 Nc6 4. e4 Bg4 5. Be2 e5 6. Be3 Be7 7. d5 Nb8 8. Qd3
c5 9. dxc6 bxc6 10. Nd2 O-O 11. f3 Be6 12. O-O Qc7 13. f4 Ng4 14. Bxg4 Bxg4 15.
f5 Bh5 16. Qc4 Kh8 17. Nd5 Qb7 18. Nxe7 Qxe7 19. Qd3 f6 20. Nb3 Nd7 21. Na5
Rfc8 22. Nc4 d5 23. exd5 Nc5 24. d6 Nxd3 25. dxe7 Nb4 26. Rf2 Nd5 27. Bc5 Rc7
28. h3 Nxe7 29. g4 Bf7 30. Bxe7 Rxe7 1/2-1/2

[Event "12th 4NCL Congress Open"]
[Site "Harrogate"]
[Date "2017.01.08"]
[Round "5"]
[Board "10"]
[White "Dossett, Christopher S"]
[Black "Wells, Jonathan C"]
[Result "0-1"]
[WhiteElo "1931"]
[BlackElo "2012"]
[PlyCount "56"]
[EventDate "2017.01.06"]
[EventRounds "5"]
[EventCountry "ENG"]

1. e4 c5 2. Nf3 e6 3. Nc3 Nc6 4. Be2 Nf6 5. d3 d6 6. O-O Be7 7. h3 O-O 8. Be3
a6 9. a4 Qc7 10. Qd2 Rb8 11. d4 cxd4 12. Nxd4 Rd8 13. Nb3 b6 14. f4 Bb7 15. Bf3
Nd7 16. Qf2 Nc5 17. Nd2 Nb4 18. Rfc1 Bf6 19. Ra3 Ba8 20. g4 g6 21. Bd4 e5 22.
fxe5 Bxe5 23. Nd5 Nxd5 24. exd5 Nd3 25. Rc3 Nxf2 26. Rxc7 Nxh3+ 27. Kh1 Bxd4
28. c3 Be3 0-1

[Event "12th 4NCL Congress Open"]
[Site "Harrogate"]
[Date "2017.01.08"]
[Round "5"]
[Board "11"]
[White "Doran, Chris"]
[Black "Shaw, Peter"]
[Result "0-1"]
[WhiteElo "1987"]
[BlackElo "2120"]
[PlyCount "78"]
[EventDate "2017.01.06"]
[EventRounds "5"]
[EventCountry "ENG"]

1. e4 d6 2. d4 Nf6 3. Nc3 c6 4. Be3 Qb6 5. Rb1 Ng4 6. Bg5 e5 7. Nf3 Nd7 8. h3
Ngf6 9. Be2 Be7 10. O-O O-O 11. Re1 Re8 12. Bf1 Bf8 13. b4 h6 14. Be3 Qc7 15.
Nd2 b5 16. Nb3 Rb8 17. a3 a6 18. Qd2 exd4 19. Nxd4 Nxe4 20. Nxe4 Rxe4 21. f4 c5
22. Nf3 Bb7 23. Bd3 Ree8 24. c3 Nf6 25. Bf2 Ne4 26. Bxe4 Bxe4 27. Rbd1 Bxf3 28.
gxf3 Qc6 29. Kg2 Rxe1 30. Rxe1 Re8 31. Rxe8 Qxe8 32. Qd5 Qe6 33. Qe4 Qxe4 34.
fxe4 g6 35. e5 c4 36. exd6 Bxd6 37. Kf3 f5 38. Ke3 Bc7 39. Kf3 Kf7 0-1

[Event "12th 4NCL Congress Open"]
[Site "Harrogate"]
[Date "2017.01.08"]
[Round "5"]
[Board "12"]
[White "Burnett, Jim"]
[Black "Winter, Kevin"]
[Result "1-0"]
[WhiteElo "2110"]
[BlackElo "1818"]
[PlyCount "83"]
[EventDate "2017.01.06"]
[EventRounds "5"]
[EventCountry "ENG"]

1. d4 d5 2. c4 Nc6 3. cxd5 Qxd5 4. e3 Nf6 5. Nc3 Qd8 6. Nf3 Bg4 7. Be2 e6 8.
O-O Be7 9. b3 O-O 10. Bb2 h6 11. Rc1 Nb4 12. a3 Nbd5 13. Nb1 c6 14. Nbd2 Bf5
15. Ne5 Bh7 16. Bf3 Rc8 17. b4 Nd7 18. Nec4 N5f6 19. Qb3 Bf5 20. e4 Bg6 21. g3
Bh5 22. e5 Bxf3 23. exf6 Bd5 24. fxe7 Qxe7 25. Qd3 f5 26. Ne3 f4 27. Nxd5 exd5
28. Rce1 Qf7 29. Nf3 Qh5 30. Bc1 g5 31. Ne5 Nxe5 32. Rxe5 f3 33. Re7 Rf7 34.
Rxf7 Qxf7 35. Re1 Rf8 36. h3 Qh5 37. Kh2 Rf7 38. g4 Qh4 39. Re8+ Kg7 40. Qe3
Rf4 41. Qe5+ Kg6 42. Rg8+ 1-0

[Event "12th 4NCL Congress Open"]
[Site "Harrogate"]
[Date "2017.01.08"]
[Round "5"]
[Board "13"]
[White "Press, Shaun"]
[Black "Sheppard, Derek A"]
[Result "1/2-1/2"]
[WhiteElo "1994"]
[BlackElo "1802"]
[PlyCount "55"]
[EventDate "2017.01.06"]
[EventRounds "5"]
[EventCountry "ENG"]

1. e4 c6 2. Nc3 d5 3. Qf3 dxe4 4. Nxe4 Nd7 5. d4 Ngf6 6. c3 Nxe4 7. Qxe4 Nf6 8.
Qc2 Bg4 9. Be2 Bxe2 10. Nxe2 e6 11. Bg5 Be7 12. O-O O-O 13. Ng3 Re8 14. Rfe1
Qc7 15. Re2 Rad8 16. Rae1 a6 17. Qb1 Qa5 18. b4 Qc7 19. Bf4 Bd6 20. Bxd6 Qxd6
21. Re5 Qb8 22. f4 g6 23. h3 Rd5 24. Ne4 Nxe4 25. R1xe4 Rxe5 26. fxe5 Re7 27.
Qf1 Qf8 28. a4 1/2-1/2

[Event "12th 4NCL Congress Open"]
[Site "Harrogate"]
[Date "2017.01.08"]
[Round "5"]
[Board "14"]
[White "Vickery, Jim E"]
[Black "Mort, Andrew J"]
[Result "1/2-1/2"]
[WhiteElo "1983"]
[BlackElo "1895"]
[PlyCount "20"]
[EventDate "2017.01.06"]
[EventRounds "5"]
[EventCountry "ENG"]

1. d4 e6 2. Nf3 f5 3. c4 Nf6 4. g3 Be7 5. Bg2 O-O 6. O-O d6 7. b3 a5 8. a3 Qe8
9. Bb2 Ne4 10. Nc3 Nxc3 1/2-1/2

[Event "12th 4NCL Congress Open"]
[Site "Harrogate"]
[Date "2017.01.08"]
[Round "5"]
[Board "15"]
[White "Han, Yichen"]
[Black "Towers, Brian"]
[Result "0-1"]
[WhiteElo "1820"]
[BlackElo "1793"]
[PlyCount "68"]
[EventDate "2017.01.06"]
[EventRounds "5"]
[EventCountry "ENG"]

1. e4 d6 2. d4 Nf6 3. Nc3 e5 4. Nf3 Nbd7 5. Bc4 h6 6. h3 Be7 7. O-O c6 8. Bb3
Qc7 9. Be3 b5 10. d5 Bb7 11. a3 a6 12. dxc6 Bxc6 13. Bd5 Rc8 14. Ne1 Nb6 15.
Bxc6+ Qxc6 16. Bxb6 Qxb6 17. Nd5 Nxd5 18. Qxd5 O-O 19. c3 Rc5 20. Qd2 Qc6 21.
f3 Bg5 22. Qe2 a5 23. Rd1 Re8 24. Qd3 Rd8 25. Nc2 d5 26. Ne1 dxe4 27. Qe2 Rxd1
28. Qxd1 Rd5 29. Qb3 e3 30. Nc2 e2 31. Re1 Qc5+ 32. Kh1 Rd1 33. Kh2 Bf4+ 34.
Kh1 Qf2 0-1

[Event "12th 4NCL Congress Open"]
[Site "Harrogate"]
[Date "2017.01.08"]
[Round "4"]
[Board "1"]
[White "Wall, Tim P"]
[Black "Jones, Steven A"]
[Result "0-1"]
[WhiteElo "2191"]
[BlackElo "2175"]
[PlyCount "78"]
[EventDate "2017.01.06"]
[EventRounds "5"]
[EventCountry "ENG"]

1. e4 c5 2. Nf3 Nc6 3. Bb5 g6 4. Bxc6 bxc6 5. O-O Bg7 6. Re1 Nh6 7. h3 O-O 8.
c3 d5 9. d3 c4 10. dxc4 dxe4 11. Qxd8 Rxd8 12. Rxe4 e5 13. Re1 f6 14. Be3 Nf7
15. Nbd2 Bf5 16. Nb3 a5 17. Bb6 Rdb8 18. c5 a4 19. Nbd2 Bd3 20. Ne4 f5 21. Neg5
Nxg5 22. Nxg5 a3 23. b3 e4 24. Rac1 Re8 25. h4 Bf6 26. g3 h6 27. Nh3 g5 28.
hxg5 hxg5 29. Bc7 Ra7 30. Bd6 Rh7 31. Kg2 Kg7 32. g4 Reh8 33. Re3 f4 34. Rxd3
exd3 35. Ng1 Rh4 36. Kf3 Rh1 37. c4 Re8 38. b4 d2 39. Rd1 Rxg1 0-1

[Event "12th 4NCL Congress Open"]
[Site "Harrogate"]
[Date "2017.01.08"]
[Round "4"]
[Board "2"]
[White "Jarmany, John"]
[Black "Gormally, Daniel W"]
[Result "1-0"]
[WhiteElo "2118"]
[BlackElo "2493"]
[PlyCount "41"]
[EventDate "2017.01.06"]
[EventRounds "5"]
[EventCountry "ENG"]

1. d4 Nf6 2. c4 g6 3. Nc3 d5 4. Nf3 Bg7 5. h4 h6 6. Bf4 c6 7. cxd5 Nxd5 8. Be5
Nf6 9. e3 Nbd7 10. Bc4 O-O 11. h5 Nb6 12. Bd3 Nxh5 13. Rxh5 gxh5 14. Bxg7 Kxg7
15. Ne5 Nd5 16. Qxh5 Nxc3 17. bxc3 Be6 18. f4 Qb6 19. f5 Bd5 20. f6+ exf6 21.
Qg4+ 1-0

[Event "12th 4NCL Congress Open"]
[Site "Harrogate"]
[Date "2017.01.08"]
[Round "4"]
[Board "3"]
[White "Spence, David J"]
[Black "Moreby, James E"]
[Result "1/2-1/2"]
[WhiteElo "2156"]
[BlackElo "2158"]
[PlyCount "59"]
[EventDate "2017.01.06"]
[EventRounds "5"]
[EventCountry "ENG"]

1. e4 c5 2. c3 d5 3. exd5 Qxd5 4. d4 Nf6 5. Nf3 Nc6 6. dxc5 Qxd1+ 7. Kxd1 Bg4
8. Bb5 O-O-O+ 9. Ke1 e5 10. Bxc6 bxc6 11. b4 Nd5 12. h3 Bh5 13. a3 e4 14. Nd4
Nxc3 15. Nxc3 Rxd4 16. Be3 Rc4 17. Rc1 Be7 18. g4 Bg6 19. Ke2 Rd8 20. Rhd1 Rxd1
21. Nxd1 Rxc1 22. Bxc1 h5 23. Bb2 f5 24. Bxg7 hxg4 25. hxg4 fxg4 26. Nb2 Bh4
27. Be5 Bf7 28. Nd1 Bg5 29. Ne3 Be6 30. Kf1 1/2-1/2

[Event "12th 4NCL Congress Open"]
[Site "Harrogate"]
[Date "2017.01.08"]
[Round "4"]
[Board "4"]
[White "Prior, Stephen Cv"]
[Black "Wells, Jonathan C"]
[Result "1-0"]
[WhiteElo "2043"]
[BlackElo "2012"]
[PlyCount "51"]
[EventDate "2017.01.06"]
[EventRounds "5"]
[EventCountry "ENG"]

1. d4 Nf6 2. Bf4 g6 3. e3 Bg7 4. Nf3 O-O 5. Be2 d6 6. O-O c5 7. c3 b6 8. h3 Bb7
9. Nbd2 Nbd7 10. a4 a6 11. Nc4 Rc8 12. dxc5 bxc5 13. a5 Qc7 14. Nxd6 exd6 15.
Bxd6 Qc6 16. Bxf8 Nxf8 17. Qa4 Ne6 18. Qxc6 Rxc6 19. Ne5 Rc7 20. Nc4 Bf8 21.
Rfd1 Bd5 22. f3 Be7 23. Rd2 Kf8 24. Rad1 Ke8 25. Rxd5 Nxd5 26. Rxd5 1-0

[Event "12th 4NCL Congress Open"]
[Site "Harrogate"]
[Date "2017.01.08"]
[Round "4"]
[Board "5"]
[White "Webster, Richard J"]
[Black "Laws, Darren C"]
[Result "1-0"]
[WhiteElo "1934"]
[BlackElo "2012"]
[PlyCount "77"]
[EventDate "2017.01.06"]
[EventRounds "5"]
[EventCountry "ENG"]

1. c4 e5 2. Nc3 d6 3. Nf3 f5 4. d4 e4 5. Ng5 Be7 6. Nh3 Nf6 7. g3 O-O 8. Nf4 c6
9. h4 Qe8 10. Bg2 Na6 11. O-O Nc7 12. d5 cxd5 13. cxd5 Nh5 14. Nxh5 Qxh5 15. f3
Qg6 16. Kh2 f4 17. Bxf4 Rxf4 18. gxf4 Qh6 19. fxe4 Bxh4 20. Qd3 Bg5+ 21. Kg1
Bxf4 22. Rxf4 Qxf4 23. Rf1 Qg5 24. Qf3 Qe7 25. e5 Bd7 26. exd6 Qxd6 27. Qf7+
Kh8 28. e4 h6 29. e5 Qc5+ 30. Kh1 Bb5 31. Nxb5 Nxb5 32. Be4 Qc8 33. Qg6 Qh3+
34. Kg1 Qe3+ 35. Rf2 Qg5+ 36. Qxg5 hxg5 37. d6 Rd8 38. Rh2+ Kg8 39. Bd5+ 1-0

[Event "12th 4NCL Congress Open"]
[Site "Harrogate"]
[Date "2017.01.08"]
[Round "4"]
[Board "6"]
[White "Pein, Jonathan"]
[Black "Shaw, Peter"]
[Result "1-0"]
[WhiteElo "1971"]
[BlackElo "2120"]
[PlyCount "93"]
[EventDate "2017.01.06"]
[EventRounds "5"]
[EventCountry "ENG"]

1. e4 d6 2. d4 Nf6 3. Nc3 c6 4. Nf3 Bg4 5. h3 Bh5 6. Qe2 e6 7. g4 Bg6 8. h4 h5
9. g5 Nfd7 10. Bh3 Be7 11. d5 cxd5 12. exd5 e5 13. Be3 O-O 14. O-O-O Na6 15.
Nd2 Nb4 16. Qb5 Bxc2 17. Qxb4 Bxd1 18. Rxd1 Qc7 19. Nde4 a6 20. f4 b5 21. Kb1
Rfb8 22. fxe5 Nxe5 23. Bf4 Nc4 24. Bf1 Rb7 25. Bxc4 bxc4 26. Bxd6 Bxd6 27. Qxd6
Qa5 28. g6 fxg6 29. Qxg6 Qa3 30. Rd2 Rf8 31. Qg2 Qe7 32. d6 Qxh4 33. d7 Rbb8
34. Qg5 Qh1+ 35. Rd1 Qh2 36. Qd2 Qh4 37. Ng5 Kh8 38. Ne6 Rfd8 39. Nxd8 Rxd8 40.
Qd5 Qg4 41. Ne4 Rxd7 42. Qxd7 Qxe4+ 43. Ka1 Kh7 44. a3 Qc2 45. Qd2 Qe4 46. Qg5
Qf3 47. Rd7 1-0

[Event "12th 4NCL Congress Open"]
[Site "Harrogate"]
[Date "2017.01.08"]
[Round "4"]
[Board "7"]
[White "Bin-Suhayl, Ieysaa"]
[Black "Burnett, Jim"]
[Result "1-0"]
[WhiteElo "1988"]
[BlackElo "2110"]
[PlyCount "51"]
[EventDate "2017.01.06"]
[EventRounds "5"]
[EventCountry "ENG"]

1. Nf3 d5 2. c4 e6 3. g3 Nf6 4. Bg2 c6 5. d4 Be7 6. Nc3 O-O 7. O-O Nbd7 8. Nd2
b6 9. e4 Ba6 10. b3 Rc8 11. Re1 dxe4 12. Ndxe4 c5 13. d5 Nxe4 14. Nxe4 exd5 15.
cxd5 Ne5 16. d6 Bf6 17. Nxf6+ Qxf6 18. Bb2 Nf3+ 19. Qxf3 Qxb2 20. Rad1 Bb5 21.
Re7 Rcd8 22. Bh3 f5 23. Bxf5 g6 24. Be6+ Kh8 25. Rf7 Rfe8 26. Qb7 1-0

[Event "12th 4NCL Congress Open"]
[Site "Harrogate"]
[Date "2017.01.08"]
[Round "4"]
[Board "8"]
[White "Hilton, Tim"]
[Black "Jayawarna, Nugith"]
[Result "1/2-1/2"]
[WhiteElo "1786"]
[BlackElo "2093"]
[PlyCount "48"]
[EventDate "2017.01.06"]
[EventRounds "5"]
[EventCountry "ENG"]

1. c4 c5 2. g3 g6 3. Bg2 Bg7 4. Nc3 Nc6 5. Nf3 e5 6. O-O Nge7 7. a3 a5 8. d3 d6
9. Ne1 Be6 10. Nd5 O-O 11. Nc2 Rb8 12. Nce3 b5 13. Rb1 f5 14. Bd2 f4 15. Nxe7+
Nxe7 16. Nd5 bxc4 17. dxc4 Bf5 18. Bxa5 Qd7 19. Nxe7+ Qxe7 20. Qd5+ Be6 21. Qd3
Bf5 22. Qd5+ Be6 23. Qd3 Bf5 24. Qd5+ Be6 1/2-1/2

[Event "12th 4NCL Congress Open"]
[Site "Harrogate"]
[Date "2017.01.08"]
[Round "4"]
[Board "9"]
[White "Dong, Bao Nghia"]
[Black "Doran, Chris"]
[Result "1-0"]
[WhiteElo "2084"]
[BlackElo "1987"]
[PlyCount "71"]
[EventDate "2017.01.06"]
[EventRounds "5"]
[EventCountry "ENG"]

1. d4 Nf6 2. Nf3 g6 3. Bf4 Bg7 4. h3 d6 5. e3 O-O 6. c3 c5 7. Bc4 b6 8. a4 a6
9. dxc5 bxc5 10. O-O Nc6 11. e4 Qb6 12. Qe2 Rb8 13. Bd5 Na5 14. Nbd2 e6 15. Ba2
Bd7 16. e5 Nd5 17. Bxd5 exd5 18. exd6 Qxb2 19. Qxa6 Qxc3 20. Rab1 Rxb1 21. Nxb1
Qc4 22. Qxa5 Qxf4 23. Qxc5 Bxa4 24. Qc7 Bf6 25. Re1 Rd8 26. Nc3 Bb3 27. Nb5 Bc4
28. Nfd4 Bxb5 29. Nxb5 Qb4 30. Re7 Qxb5 31. Qxd8+ Kg7 32. Qe8 Qb1+ 33. Re1 Qb4
34. d7 d4 35. Rc1 Qd2 36. Rc8 1-0

[Event "12th 4NCL Congress Open"]
[Site "Harrogate"]
[Date "2017.01.08"]
[Round "4"]
[Board "10"]
[White "Bielby, Paul R"]
[Black "Cohen, Gerald M"]
[Result "1/2-1/2"]
[WhiteElo "1929"]
[BlackElo "2035"]
[PlyCount "128"]
[EventDate "2017.01.06"]
[EventRounds "5"]
[EventCountry "ENG"]

1. e4 d6 2. d4 Nf6 3. Bd3 e5 4. c3 d5 5. dxe5 Nxe4 6. Nf3 Nc6 7. Qe2 Nc5 8. Bc2
Bg4 9. Bf4 Ne6 10. Bg3 Be7 11. Nbd2 Qd7 12. h3 Bh5 13. O-O-O O-O-O 14. Kb1 Kb8
15. Rhe1 Bg6 16. Nb3 Rhe8 17. Nfd4 Nexd4 18. cxd4 Nb4 19. Bxg6 hxg6 20. Qf3 Bg5
21. a3 Nc6 22. Nc5 Qf5+ 23. Qxf5 gxf5 24. f4 Be7 25. Nb3 Rc8 26. Bf2 Rh8 27.
Rd3 Rh6 28. Rf1 Nd8 29. Be1 Ne6 30. Bb4 Bxb4 31. axb4 Rh4 32. Rdf3 Rch8 33. Kc2
R8h6 34. Kd3 Rg6 35. R1f2 b6 36. Ke3 c6 37. Rc2 Kb7 38. Nc1 Nc7 39. Nd3 Ka6 40.
b3 Kb5 41. Kf2 Na6 42. Ra2 Rh8 43. Rg3 Rhh6 44. Rxg6 Rxg6 45. Kf3 Rh6 46. Ra4
Rh8 47. Kf2 Ra8 48. Kf3 Nc7 49. g4 fxg4+ 50. hxg4 Ne6 51. Ke3 a6 52. f5 Ng5 53.
Kf4 Ne4 54. e6 fxe6 55. fxe6 Re8 56. Ke5 Ng5 57. Nf4 a5 58. Kd6 Ne4+ 59. Kd7
Nf6+ 60. Kd6 Nxg4 61. e7 Nf6 62. Ne6 Ne4+ 63. Kd7 Nf6+ 64. Kd6 Ne4+ 1/2-1/2

[Event "12th 4NCL Congress Open"]
[Site "Harrogate"]
[Date "2017.01.08"]
[Round "4"]
[Board "11"]
[White "Mort, Andrew J"]
[Black "Starley, Robert"]
[Result "0-1"]
[WhiteElo "1895"]
[BlackElo "2109"]
[PlyCount "56"]
[EventDate "2017.01.06"]
[EventRounds "5"]
[EventCountry "ENG"]

1. c4 Nf6 2. g3 e6 3. Bg2 d5 4. Nf3 Be7 5. O-O O-O 6. b3 c5 7. cxd5 exd5 8. d4
Nc6 9. Bb2 Re8 10. Nc3 Bg4 11. dxc5 Bxc5 12. Na4 Bd6 13. Rc1 Ne5 14. Nd4 Bf8
15. h3 Bh5 16. f4 Ned7 17. g4 Bxg4 18. hxg4 Nxg4 19. Rf3 Qh4 20. Nf5 Qh2+ 21.
Kf1 Qh5 22. Qd3 Nh2+ 23. Kg1 Nxf3+ 24. Bxf3 Qh3 25. Rc7 Rad8 26. Qxd5 Ne5 27.
Ne7+ Rxe7 28. Qxd8 Nxf3+ 0-1

[Event "12th 4NCL Congress Open"]
[Site "Harrogate"]
[Date "2017.01.08"]
[Round "4"]
[Board "12"]
[White "Winter, Kevin"]
[Black "Press, Shaun"]
[Result "1/2-1/2"]
[WhiteElo "1818"]
[BlackElo "1994"]
[PlyCount "33"]
[EventDate "2017.01.06"]
[EventRounds "5"]
[EventCountry "ENG"]

1. d4 d5 2. Bf4 Nf6 3. e3 e6 4. Nf3 c5 5. c3 Nc6 6. Nbd2 Be7 7. Bd3 Nh5 8. Bg3
Nxg3 9. hxg3 h6 10. O-O Qc7 11. Re1 O-O 12. Bc2 Rd8 13. Rc1 b6 14. Nh2 e5 15.
dxe5 Nxe5 16. Qh5 g6 17. Qe2 1/2-1/2

[Event "12th 4NCL Congress Open"]
[Site "Harrogate"]
[Date "2017.01.08"]
[Round "4"]
[Board "13"]
[White "Sheppard, Derek A"]
[Black "Vickery, Jim E"]
[Result "1/2-1/2"]
[WhiteElo "1802"]
[BlackElo "1983"]
[PlyCount "36"]
[EventDate "2017.01.06"]
[EventRounds "5"]
[EventCountry "ENG"]

1. d4 Nf6 2. Nf3 g6 3. Bf4 Bg7 4. e3 O-O 5. Be2 d6 6. h3 Nbd7 7. O-O Qe8 8. Bh2
e5 9. c4 Ne4 10. Nbd2 Nxd2 11. Qxd2 e4 12. Ne1 f5 13. Nc2 Qe7 14. b4 b6 15.
Rac1 Bb7 16. Na3 Nf6 17. Nb5 a6 18. Nc3 Rfd8 1/2-1/2